000 00551nam a22001697a 4500
005 20251108165437.0
008 250721s2008 xx 000 0 ara d
082 1 4 _a216.1/تيم
100 1 _aابن تيمية، أبو البركات عبد السلام
_eمؤلف
245 1 0 _aالمسودة في أصول الفقه لآل تيمية /
264 1 _aبيروت :
_bدار ابن جزم،
_c2008.
300 _a398 ص.
650 1 7 _aالفقه الاسلامي
650 1 7 _aالاحكام الشرعيه
942 _2ddc
_cBK
999 _c28059
_d28059